Flagi państw graniczących z Francją - Statystyki

Ogólne statystyki
  • Ten quiz został rozwiązany 29 003 razy
  • Średni wynik to 9 z 10
Statystyki odpowiedzi
Obrazkowy Odpowiedź % Poprawnych
Niemcy
100%
Belgia
99%
Szwajcaria
98%
Brazylia
97%
Hiszpania
97%
Włochy
97%
Monako
95%
Luksemburg
88%
Andora
86%
Surinam
56%
Nie znaleziono quizów pasujących do podanych kryteriów
Rozkład punktacji
Procent ludzi z każdym wynikiem
Percentyl według liczby udzielonych odpowiedzi
Twoja historia wyników
Nie rozwiązałeś tego quizu